[Event "2024 British Rapidplay Championship"]
[Site "Holiday Inn Peterborough - West"]
[Date "2024.03.03"]
[Round "11.92"]
[White "Zajaczkowski, Marek"]
[Black "Broomfield, Daniel"]
[Result "1-0"]
[WhiteFideId "343410685"]
[BlackFideId "343110840"]
[WhiteElo "1672"]
[BlackElo "1519"]
[EventDate "2024.03.02"]

1. f4 Nf6 2. Nf3 g6 3. b3 Bg7 4. Bb2 O-O 5. d3 Nc6 6. e4 d6 7. Be2 Nh5 8. Bxg7 Nxg7
9. O-O f5 10. e5 dxe5 11. fxe5 Nxe5 12. Nbd2 Nxf3+ 13. Bxf3 c6 14. Qe2 Re8 15. Rae1
e5 16. Qf2 Qb6 17. Nc4 Qxf2+ 18. Rxf2 e4 19. dxe4 Be6 20. Nd6 Re7 21. Rfe2 Rd8 22.
exf5 Rxd6 23. f6 Re8 24. fxg7 Kxg7 25. Bg4 Kf7 26. Rf1+ Ke7 27. Rfe1 Kd7 28. Bxe6+
Rexe6 29. Kf2 Rxe2+ 30. Rxe2 Re6 31. Re3 Rxe3 32. Kxe3 Ke6 33. Ke4 c5 34. h4 b5 35.
c3 a6 36. a4 bxa4 37. bxa4 a5 38. g4 h6 39. h5 g5 40. c4 Kd6 41. Kf5 Ke7 42. Kg6
1-0

[Event "2024 British Rapidplay Championship"]
[Site "Holiday Inn Peterborough - West"]
[Date "2024.03.03"]
[Round "11.93"]
[White "Cepoi, Gesneria-Codruta"]
[Black "Butler, Rene"]
[Result "1-0"]
[WhiteFideId "1285297"]
[BlackFideId "486922"]
[WhiteElo "1655"]
[BlackElo "1497"]
[EventDate "2024.03.02"]

1. e4 c5 2. Nc3 d6 3. Bc4 Nc6 4. f4 Nf6 5. d3 Bg4 6. Nf3 Nd4 7. Be3 Nxf3+ 8. gxf3
Bd7 9. e5 dxe5 10. fxe5 Ng8 11. Bxc5 Qc7 12. Bd4 O-O-O 13. Bxf7 Bc6 14. Be6+ Bd7
15. Bb3 Bc6 16. Bf2 Qxe5+ 17. Qe2 Qxe2+ 18. Kxe2 a6 19. Bb6 Rd6 20. Bc5 Rf6 21. Ne4
Bxe4 22. fxe4 Nh6 23. Raf1 Rg6 24. Rhg1 Rc6 25. Ba3 b5 26. Bb4 Ng8 27. Rxf8+ Kd7
28. Rxg7 Rh6 29. Rfxg8 Rxg8 30. Rxe7+ Kd8 31. Bxg8 Rxh2+ 32. Ke3 Rh3+ 33. Kd4 a5
34. Bd6 Rg3 35. Bxh7 1-0

[Event "2024 British Rapidplay Championship"]
[Site "Holiday Inn Peterborough - West"]
[Date "2024.03.03"]
[Round "11.94"]
[White "Kulibaev, Richard"]
[Black "Brown, Chris"]
[Result "0-1"]
[WhiteFideId "343406050"]
[BlackFideId "343412343"]
[WhiteElo "1503"]
[BlackElo "1623"]
[EventDate "2024.03.02"]

1. e4 e5 2. Nf3 Nc6 3. Bc4 Bc5 4. O-O Nf6 5. d3 d6 6. h3 h6 7. c3 O-O 8. d4 Bb6 9.
Re1 a6 10. Be3 Re8 11. d5 Bxe3 12. Rxe3 Ne7 13. Nbd2 c6 14. Nb3 cxd5 15. Bxd5 Nexd5
16. exd5 Bf5 17. Nh4 Bh7 18. Qe2 Rc8 19. Re1 Nxd5 20. Qh5 Nxe3 21. Rxe3 Rc4 22. Nf3
Bg6 23. Nbd2 Bxh5 24. Nxc4 Bxf3 25. Rxf3 Qc7 26. b3 b5 27. Nd2 d5 28. Rd3 Qc6 29.
Re3 Kf8 30. Nf3 f6 31. Nh4 d4 32. cxd4 exd4 33. Ng6+ Kf7 34. Rxe8 Kxe8 35. Nf4 Qc1+
0-1

[Event "2024 British Rapidplay Championship"]
[Site "Holiday Inn Peterborough - West"]
[Date "2024.03.03"]
[Round "11.95"]
[White "Gunarathne, Miheli"]
[Black "Darbost, Fabien"]
[Result "0-1"]
[WhiteFideId "343409504"]
[BlackFideId "343407200"]
[WhiteElo "1441"]
[BlackElo "1615"]
[EventDate "2024.03.02"]

1. e4 c6 2. d4 d5 3. exd5 cxd5 4. c4 e6 5. Nc3 Nf6 6. Bg5 Be7 7. Nf3 Nc6 8. Be2 O-O
9. O-O h6 10. Bh4 Re8 11. Bd3 dxc4 12. Bxc4 Bb4 13. Ne4 Be7 14. Nc3 Nh7 15. Bxe7
Qxe7 16. d5 exd5 17. Nxd5 Qd8 18. Qd2 Ne5 19. Nxe5 Rxe5 20. Qf4 Rxd5 21. Bxd5 Qxd5
22. Rad1 Qg5 23. Qxg5 Nxg5 24. Rd8+ Kh7 25. Rc1 a5 26. Rcxc8 Ra6 27. Ra8 Rc6 28.
h4 Ne6 29. Rxa5 Nxd8 30. Kf1 g6 31. Ke2 Rc2+ 32. Kd3 Rxb2 33. Kc3 Rxf2 34. Rd5 Nc6
35. Rd7 Ne5 36. Rxb7 Rxa2 37. Re7 Ra5 38. Kd4 Nc6+ 39. Ke4 Nxe7 40. Kf4 Ra2 41. g4
Ra4+ 42. Kg3 f5 43. gxf5 Nxf5+ 44. Kh3 Nxh4 45. Kg3 Nf3 46. Kxf3 g5 47. Kg3 Kg6 48.
Kh3 Kf5 49. Kg3 h5 50. Kf3 Rg4 51. Kf2 h4 52. Kf3 h3 53. Ke2 h2 54. Kf2 h1=Q 55.
Ke3 Qh3+ 56. Kf2 Rg2+ 57. Kf1 Qh1# 0-1

[Event "2024 British Rapidplay Championship"]
[Site "Holiday Inn Peterborough - West"]
[Date "2024.03.03"]
[Round "11.96"]
[White "Graeme, Matthew"]
[Black "Blair, Jimmy"]
[Result "1-0"]
[WhiteFideId "343442501"]
[BlackFideId "437565"]
[WhiteElo "1156"]
[BlackElo "1580"]
[EventDate "2024.03.02"]

1. e4 e5 2. f4 exf4 3. Bc4 Qh4+ 4. Kf1 Nf6 5. Nf3 Qh6 6. Nc3 Bc5 7. d4 Bb6 8. Qd3
O-O 9. Ne2 g5 10. h4 d5 11. exd5 Bg4 12. Kg1 Bxf3 13. gxf3 gxh4 14. Qf5 Qg6+ 15.
Qxg6+ fxg6 16. Bxf4 Nbd7 17. d6+ Kg7 18. dxc7 Nh5 19. Rxh4 Nxf4 20. Nxf4 Bxd4+ 21.
Kf1 Bf6 22. Ne6+ Kh8 23. Rf4 Ne5 24. Nxf8 Rxf8 25. Rxf6 Rc8 1-0

[Event "2024 British Rapidplay Championship"]
[Site "Holiday Inn Peterborough - West"]
[Date "2024.03.03"]
[Round "11.97"]
[White "Brookbanks, Alan"]
[Black "Mehta, Hatle"]
[Result "1-0"]
[WhiteFideId "343443389"]
[BlackFideId "488003"]
[WhiteElo "1569"]
[BlackElo "1447"]
[EventDate "2024.03.02"]

1. e4 d5 2. exd5 Qxd5 3. d4 Nc6 4. Be3 Bf5 5. c4 Qd8 6. Nf3 e6 7. Be2 Bb4+ 8. Nc3
Bxc3+ 9. bxc3 Nf6 10. O-O O-O 11. Nh4 Re8 12. Nxf5 exf5 13. Qc2 h6 14. Qxf5 Ne4 15.
Bd3 Qf6 16. Bxe4 Qxf5 17. Bxf5 Na5 18. Bd3 Rad8 19. Rab1 b6 20. Bf4 c5 21. d5 Nb7
22. Rfe1 f6 23. Kf1 Kf7 24. Rxe8 Rxe8 25. Re1 Rxe1+ 26. Kxe1 Ke7 27. Ke2 Nd6 28.
Bxd6+ Kxd6 29. Ke3 Ke5 30. f4+ Kd6 31. Ke4 g5 32. fxg5 hxg5 33. Kf5 Ke7 34. a4 a5
35. Be2 Kf7 36. Bh5+ Ke7 37. g4 Kd6 38. Kxf6 Kd7 39. Kxg5 Kd6 40. Kf6 1-0

[Event "2024 British Rapidplay Championship"]
[Site "Holiday Inn Peterborough - West"]
[Date "2024.03.03"]
[Round "11.98"]
[White "Herring, Tim JC"]
[Black "Suganya, Yugan"]
[Result "1-0"]
[WhiteFideId "429775"]
[BlackFideId "343442676"]
[WhiteElo "1755"]
[BlackElo "1400"]
[EventDate "2024.03.02"]

1. d4 Nf6 2. Bf4 d6 3. Nf3 g6 4. e3 Bg7 5. Bd3 O-O 6. Nbd2 Nc6 7. h3 Bd7 8. c3 Re8
9. Qc2 e5 10. Bg5 Qc8 11. d5 Nxd5 12. Bc4 Nb6 13. Bb3 Na5 14. e4 c6 15. Rd1 d5 16.
O-O Nxb3 17. Nxb3 dxe4 18. Qxe4 Bf5 19. Qe2 Nd5 20. Bh4 Nf4 21. Qe3 f6 22. Bg3 Nxh3+
23. gxh3 Bxh3 24. Rfe1 g5 25. Nh2 h6 26. f3 f5 27. Bf2 f4 28. Qe4 Bf5 29. Qc4+ Be6
30. Qd3 Bf5 31. Qc4+ Be6 32. Qf1 Bh3 33. Qe2 h5 34. Nc5 g4 35. fxg4 hxg4 36. Rd7
b6 37. Qc4+ Kh8 38. Qf7 Qxd7 39. Nxd7 g3 40. Qh5+ Kg8 41. Qxh3 gxf2+ 42. Kxf2 e4
43. Qg4 e3+ 44. Kf3 Rad8 45. Nf6+ Kf8 46. Nxe8 Rxe8 47. Qxf4+ Kg8 1-0

[Event "2024 British Rapidplay Championship"]
[Site "Holiday Inn Peterborough - West"]
[Date "2024.03.03"]
[Round "11.99"]
[White "Arun, Saiarya"]
[Black "Bennet, Freddie"]
[Result "0-1"]
[WhiteFideId "343412548"]
[BlackFideId "343437133"]
[WhiteElo "1485"]
[BlackElo "1460"]
[EventDate "2024.03.02"]

1. e4 c6 2. d4 d5 3. exd5 cxd5 4. Bd3 Nc6 5. c3 Nf6 6. Bf4 a6 7. Nf3 Bg4 8. Nbd2
e6 9. O-O Bd6 10. Bxd6 Qxd6 11. Qb3 Qc7 12. h3 Bxf3 13. Nxf3 O-O 14. Qc2 Rac8 15.
Qe2 Rfe8 16. Nh2 e5 17. Qd2 exd4 18. cxd4 Ne4 19. Qe3 Nc5 20. Qd2 Nxd3 21. Qxd3 Qb6
22. Qf3 Nxd4 23. Qxd5 Red8 24. Qe4 Qxb2 25. Rfb1 Qc3 26. Qxb7 Ne2+ 27. Kh1 a5 28.
Qb5 Nd4 29. Qg5 Nc2 30. Rc1 Qd4 31. Nf3 Qxf2 32. Rab1 Ne3 33. Rxc8 Rxc8 34. Rg1 f6
35. Qxa5 Kf7 36. Qa7+ Kg6 37. Nh4+ Kh5 38. Nf5 Rc1 39. Qf7+ g6 40. Qxh7+ Kg5 41.
h4+ Kxf5 42. Qd7+ Kf4 43. Qd4+ Kg3 44. Qd6+ Kg4 45. Qd4+ Kh5 46. g4+ Kh6 47. g5+
Kh5 48. Qg4+ Nxg4 49. Rxc1 Qh2# 0-1